| 000 | 01174cam a2200337 i 4500 | ||
|---|---|---|---|
| 001 | 015864382 | ||
| 003 | EG-ScBUE | ||
| 005 | 20240609104425.0 | ||
| 008 | 110804s2011 nyua f b 001 0 eng d | ||
| 020 | _a9780230337503 (pbk.) | ||
| 020 | _a0230337503 (pbk.) | ||
| 040 |
_aStDuBDS _beng _erda _cStDuBDS _dUkCU _dEG-ScBUE |
||
| 043 | _af-ly--- | ||
| 082 | 0 | 4 |
_222 _a961.2042 _bLIB |
| 245 | 0 | 0 |
_aLibya since 1969 : _bQadhafi's revolution revisited / _cedited by Dirk Vandewalle. |
| 264 | 1 |
_aNew York : _bPalgrave Macmillan, _c2011. |
|
| 300 |
_axiii, 259 pages : _billustrations ; _c22 cm |
||
| 336 |
_2rdacontent _atext _btxt |
||
| 337 |
_aunmediated _2rdamedia _bn |
||
| 338 |
_avolume _bnc _2rdacarrier |
||
| 504 | _aIncludes bibliographical references and index. | ||
| 650 | 7 |
_aCivil-military relations _zLibya. _2BUEsh _940077 |
|
| 651 | 7 |
_aLibya _xHistory _y1969- _2BUEsh |
|
| 651 | 7 |
_aLibya _xHistory _yCoup d'état, 1969. _2BUEsh |
|
| 651 | 7 |
_aLibya _xPolitics and government _y1969- _2BUEsh |
|
| 651 | 7 |
_aLibya _xForeign relations _y1969- _2BUEsh |
|
| 653 |
_bBUSBOL _cMay2016 |
||
| 655 | _vReading book | ||
| 700 | 1 |
_aVandewalle, Dirk J., _eeditor. |
|
| 942 |
_2ddc _cBB |
||
| 999 |
_c21807 _d21779 |
||